=LDR 00000nam 2200000 4500 =001 INLIS000000000058032 =005 20210722082021 =035 ##$$a 0010-0721000127 =007 ta =008 210722###########################0#ind## =020 ##$$a 979-526-755-8 =082 ##$$a R. 330.03 =084 ##$$a R.330.03 Eti k =245 1#$$a Kamus Istilah Ekonomi /$c Dr.Eti Rochaety, Dr.Ratih Tresnati =300 ##$$a 370 halaman ; $c 21 cm =650 #4$$a Ekonomi - Kamus =264 ##$$a jakarta :$b Bumi Aksara,$c 2005 =336 ##$$a teks$2 rdacontent =337 ##$$a lain-lain$2 rdamedia =338 ##$$a lain-lain$2 rdacarrier =990 ##$$a 30913091 =990 ##$$a 05550555 =990 ##$$a 05560556 =990 ##$$a 05560556